| LEADER |
01158nam0a2200229 450 |
| 001 |
16801276 |
| 010 |
|
|
|a 2-35294-017-6
|b Br.
|d 25
|
| 100 |
|
|
|a 20070118d2007 u u0frey01 ba
|
| 101 |
1 |
|
|a fre
|c
|
| 102 |
|
|
|a FR
|
| 200 |
0 |
|
|a Foi des réprouvés (La)
|f Terry Goodkind
|g Traduit de l'anglais (Etats-Unis) par Jean-Claude Mallé - traduit de l'anglais (Etats-Unis) par Jean-Claude Mallé - traduit de l'anglais (Etats-Unis) par Jean-Claude Mallé
|
| 207 |
|
1 |
|a
|
| 210 |
|
|
|a Paris
|c Bragelonne
|d 2007
|
| 215 |
|
|
|a 732 p.
|c carte, couv. ill. en coul.
|d 24 x 16 cm
|
| 225 |
1 |
|
|a (L')épée de vérité
|v livre
|
| 330 |
|
|
|a Les événements vont de mal en pis et Richard et Kalhan fuient autant les atrocités de Jagang que le culte dont ils font l'objet. Mais cette retraite les amène droit dans un piège au coeur du Mal pour leur faire renier tous leurs idéaux.
|
| 461 |
|
0 |
|t (L')épée de vérité
|v 6
|
| 700 |
|
0 |
|a Goodkind
|b Terry
|4 70
|
| 702 |
|
0 |
|a Mallé
|b Jean-Claude
|4 730
|
| 900 |
|
|
|a Science Fiction
|
| 901 |
|
|
|a Réserve
|
| 995 |
|
|
|a Bibliothèque
|c Bibliothèque
|f 024015873
|h 024015873
|k SF GOO
|o p
|q a
|r az
|u Vérifier la pastille sur la cote
|e Bibliothèque
|